Java for dummies / (Record no. 180412)
[ view plain ]
| 000 -LEADER | |
|---|---|
| fixed length control field | 00880 a2200217 4500 |
| 003 - CONTROL NUMBER IDENTIFIER | |
| control field | Nust |
| 005 - DATE AND TIME OF LATEST TRANSACTION | |
| control field | 20220817141928.0 |
| 010 ## - LIBRARY OF CONGRESS CONTROL NUMBER | |
| LC control number | 96076239 |
| 020 ## - INTERNATIONAL STANDARD BOOK NUMBER | |
| International Standard Book Number | 156884641X |
| 035 ## - SYSTEM CONTROL NUMBER | |
| System control number | (OCoLC)35129982 |
| 040 ## - CATALOGING SOURCE | |
| Transcribing agency | Nust |
| 082 00 - DEWEY DECIMAL CLASSIFICATION NUMBER | |
| Classification number | 005.133,WAL |
| 100 1# - MAIN ENTRY--PERSONAL NAME | |
| Personal name | Walsh, Aaron E. |
| 9 (RLIN) | 97829 |
| 245 10 - TITLE STATEMENT | |
| Title | Java for dummies / |
| Statement of responsibility, etc. | by Aaron E. Walsh. |
| 260 ## - PUBLICATION, DISTRIBUTION, ETC. | |
| Place of publication, distribution, etc. | Foster City, CA : |
| Name of publisher, distributor, etc. | IDG Books Worldwide, |
| Date of publication, distribution, etc. | c1996. |
| 300 ## - PHYSICAL DESCRIPTION | |
| Extent | xviii, 365 p. : |
| Other physical details | ill. ; |
| Dimensions | 24 cm. + |
| Accompanying material | 1 computer laser optical disc (4 3/4 in.). |
| 440 #0 - SERIES STATEMENT/ADDED ENTRY--TITLE | |
| Title | --For dummies |
| 9 (RLIN) | 8103 |
| 505 ## - FORMATTED CONTENTS NOTE | |
| Formatted contents note | Caught in a Web of Intrigue (Page-7), It’s Applet Pickin’ Time (Page-269), A Sip of JavaScript without the Bitter Aftertaste of Programming (Page-207), Bringing it All Together (Page-271), The Part of Tens (Page-305), Appendixes (Page-321). |
| 650 #0 - SUBJECT ADDED ENTRY--TOPICAL TERM | |
| Topical term or geographic name entry element | Java (Computer program language) |
| 9 (RLIN) | 8017 |
| 942 ## - ADDED ENTRY ELEMENTS (KOHA) | |
| Source of classification or shelving scheme | |
| Koha item type | Book |
| Call number prefix | 005.133,WAL |
| Withdrawn status | Lost status | Source of classification or shelving scheme | Damaged status | Not for loan | Permanent Location | Current Location | Shelving location | Date acquired | Full call number | Barcode | Date last seen | Price effective from | Koha item type | Public note |
|---|---|---|---|---|---|---|---|---|---|---|---|---|---|---|
| Military College of Signals (MCS) | Military College of Signals (MCS) | General Stacks | 12/12/2016 | 005.133,WAL | MCS26603 | 12/08/2016 | 12/12/2016 | Book | Almirah No.5, Shelf No.3 |
